| 000 | 00941nas a2200313 4500 | ||
|---|---|---|---|
| 001 | BR0803313 | ||
| 003 | BR-BrBNA | ||
| 005 | 20231205112254.0 | ||
| 007 | ta | ||
| 008 | 230509b bl.|||p| |||| 00| 00por d | ||
| 040 |
_aBR-BrBNA _bpor _cBiblioteca Nacional de Agricultura |
||
| 041 | _a(Pt) | ||
| 072 | _aH60 | ||
| 100 | 1 | _aAndres, A. | |
| 100 | 1 | _aConcenço, G. | |
| 100 | 1 | _aMelo, P.T.B.S. | |
| 100 | 1 | _aSchmididt, M. | |
| 100 | 1 | _aResende, R.G. | |
| 245 | 1 | _aDetecção da resistência de capim-arroz (Echinochloa sp.( ao herbicida quinclorac em regiões orizícolas do sul do Brasil | |
| 650 | _aARROZ | ||
| 650 | _aCAPIM ARROZ | ||
| 650 | _aHERBICIDA | ||
| 650 | _aRESISTÊNCIA A PESTICIDA | ||
| 650 | _aCONTROLE QUÍMICO | ||
| 650 | _aSUL | ||
| 773 | 0 |
_tPlanta Daninha (Brazil) _xISSN 0100-8358 _g(Jan-Mar 2007), v. 25(1) p. 221-226 _wBR0803313 |
|
| 909 |
_a202311 _bLúcia _c55 _dLúcia Elande |
||
| 942 |
_2AGRIS _n0 _cANA |
||
| 999 |
_c197113 _d197113 |
||